<?xml version="1.0" encoding="UTF-8"?>
<record
    xmlns:xsi="http://www.w3.org/2001/XMLSchema-instance"
    xsi:schemaLocation="http://www.loc.gov/MARC21/slim http://www.loc.gov/standards/marcxml/schema/MARC21slim.xsd"
    xmlns="http://www.loc.gov/MARC21/slim">

  <leader>01003nam a2200265 a 4500</leader>
  <controlfield tag="001">BRCA_3797</controlfield>
  <controlfield tag="005">20190320204428.0</controlfield>
  <controlfield tag="008">151109s1951----mx-a---###---#000-0#spa-#</controlfield>
  <datafield tag="041" ind1=" " ind2=" ">
    <subfield code="a">spa</subfield>
  </datafield>
  <datafield tag="044" ind1=" " ind2=" ">
    <subfield code="a">mx</subfield>
  </datafield>
  <datafield tag="050" ind1=" " ind2="4">
    <subfield code="a">NA4232.M4</subfield>
    <subfield code="b">.D53 1951</subfield>
  </datafield>
  <datafield tag="100" ind1="1" ind2=" ">
    <subfield code="a">D&#xED;az y de Ovando, Clementina.</subfield>
    <subfield code="9">9893</subfield>
  </datafield>
  <datafield tag="245" ind1="1" ind2="0">
    <subfield code="a">El Colegio M&#xE1;ximo de San Pedro y San Pablo</subfield>
    <subfield code="c">Clementina D&#xED;az y de Ovando.</subfield>
  </datafield>
  <datafield tag="260" ind1=" " ind2=" ">
    <subfield code="a">M&#xE9;xico</subfield>
    <subfield code="b">UNAM, Instituto de Investigaciones Est&#xE9;ticas</subfield>
    <subfield code="c">1951</subfield>
  </datafield>
  <datafield tag="300" ind1=" " ind2=" ">
    <subfield code="a">176 p.</subfield>
    <subfield code="b">il. , 35 l&#xE1;minas</subfield>
    <subfield code="c">20 cm.</subfield>
  </datafield>
  <datafield tag="440" ind1=" " ind2="0">
    <subfield code="a">Ediciones del iv Centenario de la Universidad de M&#xE9;xico</subfield>
    <subfield code="v">6</subfield>
    <subfield code="9">9894</subfield>
  </datafield>
  <datafield tag="500" ind1=" " ind2=" ">
    <subfield code="a">Incluye &#xED;ndice de materias, ap&#xE9;ndices  e ilustraciones.</subfield>
  </datafield>
  <datafield tag="500" ind1=" " ind2=" ">
    <subfield code="a">B156</subfield>
  </datafield>
  <datafield tag="504" ind1=" " ind2=" ">
    <subfield code="a">Bibliograf&#xED;a: p. 169-171.</subfield>
  </datafield>
  <datafield tag="610" ind1="2" ind2="4">
    <subfield code="a">Real Colegio de San Pedro, San Pablo y San Ildefonso (Ciudad de M&#xE9;xico)</subfield>
    <subfield code="9">9895</subfield>
  </datafield>
  <datafield tag="650" ind1="1" ind2="4">
    <subfield code="a">Arquitectura</subfield>
    <subfield code="z">M&#xE9;xico.</subfield>
    <subfield code="9">596</subfield>
  </datafield>
  <datafield tag="650" ind1="1" ind2="4">
    <subfield code="a">Real Colegio de San Pedro, San Pablo y San Idelfonso</subfield>
    <subfield code="z">(Ciudad de M&#xE9;xico).</subfield>
    <subfield code="9">9896</subfield>
  </datafield>
  <datafield tag="902" ind1=" " ind2=" ">
    <subfield code="a">GFM</subfield>
  </datafield>
  <datafield tag="942" ind1=" " ind2=" ">
    <subfield code="2">lcc</subfield>
    <subfield code="c">B</subfield>
  </datafield>
  <datafield tag="999" ind1=" " ind2=" ">
    <subfield code="c">3526</subfield>
    <subfield code="d">3526</subfield>
  </datafield>
  <datafield tag="952" ind1=" " ind2=" ">
    <subfield code="0">0</subfield>
    <subfield code="1">0</subfield>
    <subfield code="4">0</subfield>
    <subfield code="7">0</subfield>
    <subfield code="a">BRCA</subfield>
    <subfield code="b">BRCA</subfield>
    <subfield code="d">2009-11-15</subfield>
    <subfield code="i">B156</subfield>
    <subfield code="l">0</subfield>
    <subfield code="o">NA4232.M4 .D53 1951 (B156)</subfield>
    <subfield code="p">3794</subfield>
    <subfield code="r">2019-03-22 00:00:00</subfield>
    <subfield code="w">2019-03-22</subfield>
    <subfield code="y">B</subfield>
  </datafield>
</record>
